|
|
|
|
| LEADER |
00975cam a2200265 a 4500 |
| 001 |
0000063850 |
| 005 |
20030508090000.0 |
| 040 |
|
|
|a mod
|
| 041 |
|
|
|a eng
|
| 020 |
0 |
0 |
|a 9832328993
|
| 090 |
0 |
0 |
|a 362.7
|b SUF
|e 2002
|
| 100 |
0 |
0 |
|a Sufean Hussin
|
| 245 |
1 |
0 |
|a Masalah remaja daripada keluarga ibu tunggal
|c Sufean Hussin, Che Zainon Omar
|
| 260 |
0 |
0 |
|a Shah Alam
|b Karisma Publ.
|c 2002
|
| 300 |
0 |
0 |
|a x, 95 ms.
|b ill.
|c 22 cm
|
| 440 |
0 |
0 |
|a Siri laporan kajian masyarakat
|
| 504 |
0 |
0 |
|
| 650 |
0 |
0 |
|a Socialism and youth
|
| 650 |
0 |
0 |
|a Youth
|x Social life and customs
|
| 650 |
0 |
0 |
|a Youth
|x Conduct of life
|
| 852 |
0 |
0 |
|a 01
|
| 999 |
|
|
|a 0208706
|b KEMENTAH
|d BOOKS
|e Umum
|f Perpustakaan KEMENTAH
|j WEEDED
|q GOOD CONDITION
|
| 999 |
|
|
|a 0208782
|b KEMENTAH
|d BOOKS
|e Umum
|f Perpustakaan KEMENTAH
|j AVAILABLE
|q GOOD CONDITION
|
| 999 |
|
|
|a 4000000730
|b KD Pelandok
|d BOOKS
|e Umum
|f KD PELANDOK
|j AVAILABLE
|q GOOD CONDITION
|
| 999 |
|
|
|a B000016130
|b TUDM Gong Kedak
|d BOOKS
|e Umum
|f TUDM Gong Kedak
|j AVAILABLE
|q GOOD CONDITION
|